[Event "Montreal op"]
[Site "Montreal CAN"]
[Date "2000.??.??"]
[Round "4"]
[White "Paz, Roman"]
[Black "Masse, Hugues"]
[Result "0-1"]
[WhiteElo "1941"]
[BlackElo "1914"]
[PlyCount "98"]
[GameId "2160767911652668"]
[EventDate "2000.09.01"]
[EventType "swiss"]
[EventRounds "5"]
[EventCountry "CAN"]
[SourceTitle "EXT 2003"]
[Source "ChessBase"]
[SourceDate "2002.11.25"]
[SourceVersion "1"]
[SourceVersionDate "2002.11.25"]
[SourceQuality "1"]

1. d4 f5 2. c4 Nf6 3. Nc3 g6 4. Bf4 Bg7 5. Nf3 O-O 6. h3 d6 7. e3 Qe8 8. Be2 a6 9. O-O Nbd7 10. d5 h6 11. Re1 Nc5 12. Nd4 e5 13. dxe6 Nxe6 14. Bf3 g5 15. Bh2 g4 16. hxg4 fxg4 17. Nxe6 Qxe6 18. Bd5 Nxd5 19. Qxd5 Rf7 20. Rad1 Qg6 21. Bf4 Kh8 22. Ne2 Rb8 23. Nd4 b6 24. b4 Bb7 25. Nc6 Re8 26. b5 axb5 27. cxb5 Rf5 28. Qd3 Qh5 29. a4 Bxc6 30. bxc6 Ref8 31. g3 Ra5 32. Qe4 Re8 33. Qc4 Qh3 34. Rd5 Rea8 35. Red1 Rxa4 36. Qc2 Ra1 37. Qf5 Rxd1+ 38. Rxd1 Ra5 39. Qxa5 bxa5 40. Rd5 Be5 41. Rxa5 Qh5 42. Rd5 Qe8 43. Bxe5+ dxe5 44. Rd7 Qb8 45. Rd1 Qb6 46. Rc1 Kg7 47. Kg2 Kf6 48. Kg1 Ke6 49. Kf1 Kd6 0-1

[Event "Montreal op"]
[Site "Montreal CAN"]
[Date "2000.??.??"]
[Round "4"]
[White "Plante, Michel"]
[Black "Parent, Francois"]
[Result "1-0"]
[WhiteElo "1926"]
[BlackElo "1912"]
[PlyCount "57"]
[GameId "2160767911652669"]
[EventDate "2000.09.01"]
[EventType "swiss"]
[EventRounds "5"]
[EventCountry "CAN"]
[SourceTitle "EXT 2003"]
[Source "ChessBase"]
[SourceDate "2002.11.25"]
[SourceVersion "1"]
[SourceVersionDate "2002.11.25"]
[SourceQuality "1"]

1. d4 Nf6 2. Nf3 d5 3. e3 e6 4. Bd3 c5 5. b3 cxd4 6. exd4 Bb4+ 7. c3 Bd6 8. O-O b6 9. Qe2 O-O 10. Ne5 Nbd7 11. f4 Bb7 12. Nd2 Qc7 13. Rf3 Nh5 14. Bxh7+ Kxh7 15. Rh3 Ndf6 16. g4 g6 17. Ndf3 Bxe5 18. fxe5 Nxg4 19. Ng5+ Kg7 20. Qxg4 Rh8 21. Rf3 Ba6 22. Kf2 Raf8 23. Ba3 Rc8 24. Rg1 Rhg8 25. Nxe6+ fxe6 26. Qxg6+ Kh8 27. Qxh5+ Qh7 28. Qxh7+ Kxh7 29. Rh3# 1-0

[Event "Montreal op"]
[Site "Montreal CAN"]
[Date "2000.??.??"]
[Round "4"]
[White "Roussel-Roozmon, Thomas"]
[Black "Charbonneau, Anne-Marie"]
[Result "1-0"]
[WhiteElo "2128"]
[BlackElo "1848"]
[PlyCount "89"]
[GameId "2160767911652670"]
[EventDate "2000.09.01"]
[EventType "swiss"]
[EventRounds "5"]
[EventCountry "CAN"]
[SourceTitle "EXT 2003"]
[Source "ChessBase"]
[SourceDate "2002.11.25"]
[SourceVersion "1"]
[SourceVersionDate "2002.11.25"]
[SourceQuality "1"]

1. d4 Nf6 2. c4 e6 3. Nc3 d5 4. Bg5 Be7 5. Nf3 O-O 6. e3 Nbd7 7. Bd3 dxc4 8. Bxc4 c5 9. O-O b6 10. Re1 Bb7 11. a3 Rc8 12. Ba2 Ne4 13. Bxe7 Qxe7 14. Qd3 Ndf6 15. Ne5 Nxc3 16. bxc3 Rc7 17. e4 cxd4 18. cxd4 Bxe4 19. Rxe4 Nxe4 20. Qxe4 Qxa3 21. Qe1 Rfc8 22. Nc4 Qe7 23. Ne3 Qf6 24. Rd1 Rd7 25. Qb4 Rcd8 26. Nc2 Qg6 27. Ne3 Qe4 28. Bb1 Rxd4 29. Bxe4 Rxd1+ 30. Nf1 R1d4 31. Qe7 R4d7 32. Qa3 h6 33. g3 Rc7 34. h4 Rd1 35. Kg2 Rdc1 36. Qd6 g6 37. Ne3 h5 38. g4 R1c5 39. gxh5 gxh5 40. Nf1 Rc8 41. Ng3 Kg7 42. Bf3 Kg6 43. Ne4 Rf5 44. Qg3+ Kh6 45. Nd6 1-0

[Event "Montreal op"]
[Site "Montreal CAN"]
[Date "2000.??.??"]
[Round "4"]
[White "Soskic, Radmilo"]
[Black "Sasseville, Jean"]
[Result "0-1"]
[WhiteElo "1796"]
[BlackElo "1955"]
[PlyCount "126"]
[GameId "2160767911652671"]
[EventDate "2000.09.01"]
[EventType "swiss"]
[EventRounds "5"]
[EventCountry "CAN"]
[SourceTitle "EXT 2003"]
[Source "ChessBase"]
[SourceDate "2002.11.25"]
[SourceVersion "1"]
[SourceVersionDate "2002.11.25"]
[SourceQuality "1"]

1. e4 c5 2. c3 Nf6 3. e5 Nd5 4. Bc4 Nb6 5. Bb3 d5 6. d4 cxd4 7. Qxd4 Nc6 8. Qf4 g6 9. Nf3 Bg7 10. O-O Qc7 11. Re1 O-O 12. Na3 a6 13. Bd2 Bf5 14. Bc2 Bxc2 15. Nxc2 Nc4 16. Bc1 N4xe5 17. Kh1 Rac8 18. Nxe5 Bxe5 19. Qg5 e6 20. f4 Bg7 21. h4 Qe7 22. Qg4 h5 23. Qh3 f5 24. Be3 Bf6 25. Bf2 Rfe8 26. Re2 Qd6 27. Qg3 Kf7 28. Rae1 e5 29. fxe5 Bxe5 30. Qg5 Bf4 31. Bc5 Bxg5 32. Bxd6 Bxh4 33. g3 Bg5 34. Rxe8 Rxe8 35. Rxe8 Kxe8 36. Ne1 Kd7 37. Bc5 Ne5 38. Kg2 Bc1 39. Bd4 Nc6 40. Nd3 Nxd4 41. cxd4 Be3 42. Ne5+ Ke6 43. Nxg6 Bxd4 44. Nf4+ Kd6 45. Nd3 Be3 46. Kf3 d4 47. b3 Kd5 48. Nb4+ Ke6 49. Nd3 b6 50. a4 Kd6 51. Nb4 Bd2 52. Nd3 Kd5 53. Ke2 Be3 54. Nb4+ Ke4 55. Nd3 a5 56. b4 axb4 57. Nxb4 f4 58. gxf4 Bxf4 59. Nd3 Be3 60. Nb2 h4 61. Kf1 h3 62. Nc4 d3 63. a5 bxa5 0-1

[Event "Montreal op"]
[Site "Montreal CAN"]
[Date "2000.??.??"]
[Round "4"]
[White "Tessier, Olivier"]
[Black "Corriveau, Philippe"]
[Result "0-1"]
[WhiteElo "2033"]
[BlackElo "1802"]
[PlyCount "66"]
[GameId "2160767911652672"]
[EventDate "2000.09.01"]
[EventType "swiss"]
[EventRounds "5"]
[EventCountry "CAN"]
[SourceTitle "EXT 2003"]
[Source "ChessBase"]
[SourceDate "2002.11.25"]
[SourceVersion "1"]
[SourceVersionDate "2002.11.25"]
[SourceQuality "1"]

1. c4 c5 2. Nc3 Nc6 3. g3 e6 4. Bg2 Nf6 5. Nf3 Be7 6. O-O d5 7. cxd5 Nxd5 8. e4 Nxc3 9. bxc3 e5 10. Ne1 O-O 11. f4 c4 12. Qa4 Qb6+ 13. Kh1 Qc5 14. Rb1 a6 15. Bb2 Bg4 16. d4 exd4 17. cxd4 Nxd4 18. Rc1 b5 19. Qa5 Ne2 20. Rc2 Qh5 21. Rf2 Bc5 22. Rfxe2 Bxe2 23. Qc3 f6 24. e5 Rad8 25. exf6 gxf6 26. g4 Qxg4 27. h3 Qe6 28. Qg3+ Kh8 29. f5 Qe7 30. Qh4 Bd3 31. Nxd3 Rxd3 32. Re2 Rd1+ 33. Kh2 Bd6+ 0-1

[Event "Montreal op"]
[Site "Montreal CAN"]
[Date "2000.09.03"]
[Round "4"]
[White "Charest, Johanne"]
[Black "Bachand-Fleurent, Julien"]
[Result "1/2-1/2"]
[WhiteElo "1919"]
[BlackElo "1990"]
[PlyCount "98"]
[GameId "2160767911652673"]
[EventDate "2000.09.01"]
[EventType "swiss"]
[EventRounds "5"]
[EventCountry "CAN"]

1. e4 e6 2. d4 d5 3. e5 c5 4. c3 Nc6 5. Nf3 Bd7 6. Bd3 Qb6 7. O-O cxd4 8. cxd4 Nxd4 9. Nxd4 Qxd4 10. Nc3 Qb6 11. Qe2 a6 12. a3 Rc8 13. Kh1 Bc5 14. f4 Ne7 15. Qg4 g6 16. Qh4 Qb3 17. Qh3 Nc6 18. Rb1 Bxa3 19. bxa3 Qxc3 20. Rxb7 Na5 21. Rb1 Nc4 22. Bxc4 Qxh3 23. gxh3 Rxc4 24. Rb8+ Rc8 25. Rxc8+ Bxc8 26. Be3 Kd7 27. Rb1 Kc7 28. Kg1 Bb7 29. Kf2 Rc8 30. Rc1+ Kd7 31. Rxc8 Bxc8 32. Ke2 Kc6 33. Kd3 Kb5 34. Kc3 Bd7 35. Bf2 Ka4 36. Kb2 Bb5 37. Be3 Be2 38. Bf2 h6 39. h4 Bf3 40. Be3 Be4 41. Bf2 Kb5 42. Kc3 Kc6 43. Kd4 Kd7 44. Kc3 Ke8 45. Bc5 Bf3 46. Kd4 Kd7 47. Kc3 Kc6 48. Be3 Kb5 49. Bd4 Be4 1/2-1/2

[Event "Montreal op"]
[Site "Montreal CAN"]
[Date "2000.??.??"]
[Round "5"]
[White "Bachand-Fleurent, Julien"]
[Black "Paz, Roman"]
[Result "0-1"]
[WhiteElo "1990"]
[BlackElo "1941"]
[PlyCount "98"]
[GameId "2160767911652674"]
[EventDate "2000.09.01"]
[EventType "swiss"]
[EventRounds "5"]
[EventCountry "CAN"]
[SourceTitle "EXT 2003"]
[Source "ChessBase"]
[SourceDate "2002.11.25"]
[SourceVersion "1"]
[SourceVersionDate "2002.11.25"]
[SourceQuality "1"]

1. e4 c5 2. Nc3 Nc6 3. g3 d6 4. Bg2 f5 5. d3 Nf6 6. Nge2 g6 7. O-O Bg7 8. h3 O-O 9. Be3 e5 10. Qd2 Be6 11. f4 Nd4 12. Nd5 Bxd5 13. exd5 Nxe2+ 14. Qxe2 Qe7 15. c4 exf4 16. gxf4 Rae8 17. Rfe1 Nh5 18. Qf2 Qd8 19. Bf3 Rxe3 20. Rxe3 Nxf4 21. Bg2 Nxg2 22. Kxg2 Bd4 23. Qf4 Bxe3 24. Qxe3 Re8 25. Qd2 Qh4 26. Rf1 Re5 27. Rf2 g5 28. Re2 f4 29. Rxe5 Qg3+ 30. Kf1 Qxh3+ 31. Kg1 dxe5 32. Qa5 Qg3+ 33. Kf1 Qxd3+ 34. Kg1 Qb1+ 35. Kg2 Qxb2+ 36. Kf1 Qb6 37. Qa4 Qb1+ 38. Kf2 Qb2+ 39. Kf1 Qc1+ 40. Ke2 Qe3+ 41. Kf1 Qf3+ 42. Kg1 Qg3+ 43. Kf1 f3 44. Qe8+ Kg7 45. Qe7+ Kg6 46. Qe6+ Kh5 47. Qf7+ Kg4 48. Qe6+ Kf4 49. Qf7+ Ke3 0-1

[Event "Montreal op"]
[Site "Montreal CAN"]
[Date "2000.??.??"]
[Round "5"]
[White "Cardin, Guillaume"]
[Black "Roy, Guy"]
[Result "0-1"]
[WhiteElo "1882"]
[BlackElo "2116"]
[PlyCount "62"]
[GameId "2160767911652675"]
[EventDate "2000.09.01"]
[EventType "swiss"]
[EventRounds "5"]
[EventCountry "CAN"]
[SourceTitle "EXT 2003"]
[Source "ChessBase"]
[SourceDate "2002.11.25"]
[SourceVersion "1"]
[SourceVersionDate "2002.11.25"]
[SourceQuality "1"]

1. e4 b6 2. d4 Bb7 3. Nc3 e6 4. f4 Be7 5. Nf3 Nf6 6. Bd3 c5 7. h3 cxd4 8. Nxd4 a6 9. Qf3 Qc7 10. Be3 Nc6 11. O-O-O Bc5 12. Nce2 Nb4 13. Kb1 Nxd3 14. cxd3 O-O 15. Rc1 Qd8 16. g4 Ne8 17. h4 f5 18. gxf5 exf5 19. Rhg1 fxe4 20. dxe4 Qe7 21. Nc3 Nd6 22. Qh3 Nxe4 23. Nf5 Nxc3+ 24. Ka1 Qe6 25. Rxg7+ Kh8 26. Rxc3 Rxf5 27. Qg3 Rg8 28. Rxc5 bxc5 29. Bd2 Rxg7 30. Bc3 Rf6 31. f5 Rxg3 0-1

[Event "Montreal op"]
[Site "Montreal CAN"]
[Date "2000.??.??"]
[Round "5"]
[White "Charbonneau, Anne-Marie"]
[Black "Plante, Michel"]
[Result "0-1"]
[WhiteElo "1848"]
[BlackElo "1926"]
[PlyCount "56"]
[GameId "2160767911652676"]
[EventDate "2000.09.01"]
[EventType "swiss"]
[EventRounds "5"]
[EventCountry "CAN"]
[SourceTitle "EXT 2003"]
[Source "ChessBase"]
[SourceDate "2002.11.25"]
[SourceVersion "1"]
[SourceVersionDate "2002.11.25"]
[SourceQuality "1"]

1. d4 d5 2. c4 e6 3. Nc3 c6 4. e4 dxe4 5. Nxe4 Bb4+ 6. Bd2 Qxd4 7. Bxb4 Qxe4+ 8. Be2 Na6 9. Bc3 f6 10. Qd2 e5 11. f3 Qg6 12. g4 Qh6 13. Qd6 Qh4+ 14. Kd2 Bxg4 15. Ba5 Bf5 16. Bd3 Qf4+ 17. Kc2 Bxd3+ 18. Qxd3 Nc5 19. Qe2 Ne6 20. Bc3 O-O-O 21. Rd1 Ne7 22. h4 Nf5 23. Rxd8+ Rxd8 24. Qf2 Ne3+ 25. Kb3 Qxc4+ 26. Ka3 Qa6+ 27. Kb3 Nc5+ 28. Kb4 Qb5+ 0-1

[Event "Montreal op"]
[Site "Montreal CAN"]
[Date "2000.??.??"]
[Round "5"]
[White "Cloutier, Mario"]
[Black "Lezaic, Jovan"]
[Result "1/2-1/2"]
[WhiteElo "1876"]
[BlackElo "1925"]
[PlyCount "163"]
[GameId "2160767911652677"]
[EventDate "2000.09.01"]
[EventType "swiss"]
[EventRounds "5"]
[EventCountry "CAN"]
[SourceTitle "EXT 2003"]
[Source "ChessBase"]
[SourceDate "2002.11.25"]
[SourceVersion "1"]
[SourceVersionDate "2002.11.25"]
[SourceQuality "1"]

1. e4 c6 2. d4 d5 3. exd5 Qxd5 4. c4 Qd8 5. Nf3 Bg4 6. Be2 e6 7. Nc3 Nf6 8. O-O Bd6 9. Bg5 Nbd7 10. Ne5 Bxe2 11. Qxe2 Be7 12. f4 g6 13. Bh6 Bf8 14. Bg5 Be7 15. Bh6 Bf8 16. Bg5 Qb6 17. c5 Qc7 18. Nxd7 Nxd7 19. Ne4 Bg7 20. Nd6+ Kf8 21. Rad1 Nf6 22. Qc4 b5 23. Qd3 Qd7 24. a4 b4 25. a5 a6 26. Bxf6 Bxf6 27. Qc4 Kg7 28. Qxb4 Rhb8 29. Qc3 Kg8 30. b4 Ra7 31. Qc4 Be7 32. Ne4 f5 33. Nc3 Bf6 34. Rfe1 Kf7 35. Na4 Re8 36. Nb6 Qc7 37. Rf1 Kf8 38. Rde1 Qd8 39. Rd1 Kg7 40. Rfe1 Kf7 41. Re2 Ree7 42. Kh1 h6 43. Rde1 Qxd4 44. Qxd4 Bxd4 45. Nc8 Bc3 46. Nxe7 Rxe7 47. Rd1 Bxb4 48. Rd6 Bxa5 49. Rxc6 Bb4 50. Rb2 a5 51. Rc8 Re8 52. Rxe8 Kxe8 53. Rc2 Kd8 54. Rc4 Kc7 55. c6 Bd6 56. Kg1 a4 57. Rxa4 Kxc6 58. Kf2 g5 59. g3 g4 60. Ra8 Bc5+ 61. Kg2 Bd4 62. Rg8 Kd5 63. Rg6 h5 64. Rh6 e5 65. Rxh5 Ke4 66. fxe5 Bxe5 67. Rg5 Bf6 68. Rg6 Bd4 69. Re6+ Be5 70. Rg6 Bd4 71. Rg8 Be5 72. Kf2 Bd4+ 73. Kg2 Be5 74. h4 gxh3+ 75. Kxh3 Bf6 76. Re8+ Kd5 77. Re2 Kd4 78. Kg2 Be5 79. Kf3 Kd5 80. Ra2 Ke6 81. Ra6+ Kd5 82. Ra8 1/2-1/2

[Event "Montreal op"]
[Site "Montreal CAN"]
[Date "2000.??.??"]
[Round "5"]
[White "Corriveau, Philippe"]
[Black "Ibrahim, Anthony"]
[Result "0-1"]
[WhiteElo "1802"]
[BlackElo "2166"]
[PlyCount "30"]
[GameId "2160767911652678"]
[EventDate "2000.09.01"]
[EventType "swiss"]
[EventRounds "5"]
[EventCountry "CAN"]
[SourceTitle "EXT 2003"]
[Source "ChessBase"]
[SourceDate "2002.11.25"]
[SourceVersion "1"]
[SourceVersionDate "2002.11.25"]
[SourceQuality "1"]

1. e4 c5 2. Nf3 Nc6 3. d4 cxd4 4. Nxd4 Nf6 5. Nc3 e5 6. Ndb5 d6 7. Bg5 a6 8. Na3 b5 9. Bxf6 gxf6 10. Nd5 Bg7 11. Bd3 Ne7 12. Nxe7 Qxe7 13. Qe2 O-O 14. c4 f5 15. cxb5 d5 0-1

[Event "Montreal op"]
[Site "Montreal CAN"]
[Date "2000.??.??"]
[Round "5"]
[White "Dubuc, Gabriel"]
[Black "Desmarais, Emmanuel"]
[Result "0-1"]
[WhiteElo "1904"]
[BlackElo "2061"]
[PlyCount "83"]
[GameId "2160767911652679"]
[EventDate "2000.09.01"]
[EventType "swiss"]
[EventRounds "5"]
[EventCountry "CAN"]
[SourceTitle "EXT 2003"]
[Source "ChessBase"]
[SourceDate "2002.11.25"]
[SourceVersion "1"]
[SourceVersionDate "2002.11.25"]
[SourceQuality "1"]

1. e4 c6 2. d4 d5 3. exd5 cxd5 4. c4 Nf6 5. Nc3 e6 6. Nf3 Bb4 7. Bf4 O-O 8. Be2 dxc4 9. Bxc4 a6 10. O-O b5 11. Bb3 Bb7 12. Rc1 Qb6 13. Re1 Rd8 14. d5 Bc5 15. Qe2 Nxd5 16. Nxd5 Bxd5 17. Ne5 Bxb3 18. axb3 Nd7 19. Nd3 Bd6 20. Be3 Qb7 21. b4 Rac8 22. Nc5 Nxc5 23. bxc5 Be7 24. b4 Qe4 25. Qa2 Qxb4 26. Qxa6 Bxc5 27. Rb1 Qg4 28. h3 Qh4 29. Qxb5 Bxe3 30. Rxe3 Rd5 31. Qa6 Rcd8 32. Rbe1 h6 33. Qb6 Rd2 34. Rf3 Qg5 35. Qc7 R8d7 36. Qb8+ Kh7 37. Qb1+ Qg6 38. Qb4 R2d4 39. Qb2 Rd3 40. Ree3 Rd1+ 41. Kh2 Rb1 42. Qb4 0-1

[Event "Montreal op"]
[Site "Montreal CAN"]
[Date "2000.??.??"]
[Round "5"]
[White "Fillion, Steve"]
[Black "Boulay, David"]
[Result "1/2-1/2"]
[WhiteElo "2143"]
[BlackElo "2032"]
[PlyCount "151"]
[GameId "2160767911652680"]
[EventDate "2000.09.01"]
[EventType "swiss"]
[EventRounds "5"]
[EventCountry "CAN"]
[SourceTitle "EXT 2003"]
[Source "ChessBase"]
[SourceDate "2002.11.25"]
[SourceVersion "1"]
[SourceVersionDate "2002.11.25"]
[SourceQuality "1"]

1. e4 c5 2. Nc3 Nc6 3. g3 g6 4. Bg2 Bg7 5. d3 e6 6. f4 Nge7 7. e5 d5 8. exd6 Qxd6 9. Ne4 Qd8 10. Ne2 b6 11. O-O Bb7 12. c3 Qd7 13. Be3 Rd8 14. Nc1 O-O 15. Qa4 Na5 16. Qc2 Ba6 17. Rd1 Nc4 18. Bf2 Nf5 19. Re1 Ncd6 20. a4 Nc8 21. Bf1 Rfe8 22. a5 Bb5 23. axb6 axb6 24. g4 Nh6 25. Bh4 Nxg4 26. h3 Nh6 27. Bxd8 Rxd8 28. Qf2 Nf5 29. Kh1 h5 30. Be2 Bc6 31. Bf3 h4 32. Ng5 Bb5 33. Kg2 Qc7 34. Be4 Nce7 35. Ra8 Rxa8 36. Bxa8 Nd5 37. Bxd5 exd5 38. Kg1 Bf8 39. Qf3 Bd6 40. Ne2 Bc6 41. d4 Be7 42. Qg4 Bb5 43. Qf3 Qd7 44. Qf2 Bd3 45. Nf3 Be4 46. Nd2 Qb5 47. Nxe4 dxe4 48. Qg2 e3 49. Qa8+ Kg7 50. Qa1 Qd3 51. Qd1 c4 52. b3 b5 53. bxc4 bxc4 54. Qb1 Bd6 55. Kg2 Ne7 56. Kf3 Nd5 57. Rd1 Qf5 58. Qxf5 gxf5 59. Ra1 Kf6 60. Ra6 Ke6 61. Rc6 Kd7 62. Rxc4 Nb6 63. Rc5 Bxc5 64. dxc5 Na4 65. Nd4 Nxc3 66. Kxe3 Nd5+ 67. Kf3 Ne7 68. Ke3 Kc7 69. Kd3 Ng6 70. Ne2 Ne7 71. Kd4 f6 72. Nc3 Kc6 73. Kc4 Ng6 74. Nd5 Nf8 75. Nb4+ Kc7 76. Kd5 1/2-1/2

[Event "Montreal op"]
[Site "Montreal CAN"]
[Date "2000.??.??"]
[Round "5"]
[White "Gilman, Arkadiy"]
[Black "Leutschaft, Martin"]
[Result "1/2-1/2"]
[WhiteElo "2197"]
[BlackElo "2123"]
[PlyCount "40"]
[GameId "2160767911652681"]
[EventDate "2000.09.01"]
[EventType "swiss"]
[EventRounds "5"]
[EventCountry "CAN"]
[SourceTitle "EXT 2003"]
[Source "ChessBase"]
[SourceDate "2002.11.25"]
[SourceVersion "1"]
[SourceVersionDate "2002.11.25"]
[SourceQuality "1"]

1. d4 Nf6 2. c4 c5 3. d5 b5 4. a4 bxc4 5. Nc3 g6 6. e4 d6 7. Bxc4 Bg7 8. h3 O-O 9. Nf3 Qb6 10. O-O Ba6 11. Bb5 Qb7 12. Re1 Nfd7 13. Qe2 Bxb5 14. axb5 a6 15. Bf4 axb5 16. Rxa8 Qxa8 17. Qxb5 f6 18. Bd2 Qa6 19. Qxa6 Nxa6 20. Ra1 Ra8 1/2-1/2

[Event "Montreal op"]
[Site "Montreal CAN"]
[Date "2000.??.??"]
[Round "5"]
[White "Gottlieb, Jonathan"]
[Black "Masse, Hugues"]
[Result "0-1"]
[WhiteElo "2078"]
[BlackElo "1914"]
[PlyCount "108"]
[GameId "2160767911652682"]
[EventDate "2000.09.01"]
[EventType "swiss"]
[EventRounds "5"]
[EventCountry "CAN"]
[SourceTitle "EXT 2003"]
[Source "ChessBase"]
[SourceDate "2002.11.25"]
[SourceVersion "1"]
[SourceVersionDate "2002.11.25"]
[SourceQuality "1"]

1. e4 c5 2. Nf3 d6 3. d4 cxd4 4. Nxd4 Nf6 5. Nc3 g6 6. Be3 Bg7 7. f3 Nc6 8. Qd2 O-O 9. O-O-O d5 10. Kb1 Nxd4 11. e5 Nxf3 12. gxf3 Nh5 13. f4 Bg4 14. Be2 Bxe2 15. Nxe2 e6 16. Ng3 Qh4 17. Rhg1 Nxg3 18. hxg3 Qg4 19. Bc5 Rfc8 20. Bd4 Rc7 21. Qf2 a6 22. Rd3 Rac8 23. c3 b5 24. a3 Rc6 25. Rh1 h5 26. Kc2 a5 27. Kd2 b4 28. axb4 axb4 29. Ra1 R6c7 30. Ra7 Rxa7 31. Bxa7 bxc3+ 32. Rxc3 Rxc3 33. Kxc3 Qd1 34. Qd2 Qxd2+ 35. Kxd2 Kf8 36. Kc3 Ke8 37. Kb4 Kd7 38. Kb5 Bh6 39. Ka6 h4 40. gxh4 Bxf4 41. Bd4 Bd2 42. Bc5 Bc1 43. Bd4 Bd2 44. Bc5 Kc6 45. b4 Bxb4 46. Bxb4 d4 47. Ka5 Kd5 48. Kb5 Kxe5 49. Kc4 Ke4 50. Bd6 f5 51. Kb3 Ke3 52. Kc2 Ke2 53. Kc1 d3 54. Bf4 e5 0-1

[Event "Montreal op"]
[Site "Montreal CAN"]
[Date "2000.??.??"]
[Round "5"]
[White "Luksza, Arkadiusz"]
[Black "Fortier, Marc-Andre"]
[Result "0-1"]
[WhiteElo "2239"]
[BlackElo "2143"]
[PlyCount "54"]
[GameId "2160767911652683"]
[EventDate "2000.09.01"]
[EventType "swiss"]
[EventRounds "5"]
[EventCountry "CAN"]
[SourceTitle "EXT 2003"]
[Source "ChessBase"]
[SourceDate "2002.11.25"]
[SourceVersion "1"]
[SourceVersionDate "2002.11.25"]
[SourceQuality "1"]

1. d4 Nf6 2. c4 g6 3. Nc3 Bg7 4. e4 d6 5. Nf3 O-O 6. Be2 e5 7. d5 Na6 8. Nd2 c5 9. g4 Ne8 10. h4 h6 11. Nf1 f5 12. gxf5 gxf5 13. exf5 Bxf5 14. Ng3 Bh7 15. Be3 Nb4 16. Rc1 e4 17. Nh5 Qe7 18. Nxg7 Nxg7 19. a3 Nd3+ 20. Bxd3 exd3 21. Kd2 Nf5 22. Qg1+ Kh8 23. Re1 Qf6 24. Qh2 Nxe3 25. fxe3 Qf2+ 26. Kd1 Bg6 27. Nb1 Qc2+ 0-1

[Event "Montreal op"]
[Site "Montreal CAN"]
[Date "2000.??.??"]
[Round "5"]
[White "Miron, Francois"]
[Black "Soskic, Radmilo"]
[Result "1-0"]
[WhiteElo "1954"]
[BlackElo "1796"]
[PlyCount "54"]
[GameId "2160767911652685"]
[EventDate "2000.09.01"]
[EventType "swiss"]
[EventRounds "5"]
[EventCountry "CAN"]
[SourceTitle "EXT 2003"]
[Source "ChessBase"]
[SourceDate "2002.11.25"]
[SourceVersion "1"]
[SourceVersionDate "2002.11.25"]
[SourceQuality "1"]

1. e4 e5 2. d4 exd4 3. Nf3 c5 4. c3 d5 5. e5 dxc3 6. Nxc3 d4 7. Ne4 b6 8. Bc4 Be6 9. Bxe6 fxe6 10. Bf4 Qd5 11. Nfd2 c4 12. Qh5+ Kd7 13. Qf7+ Ne7 14. O-O Nbc6 15. Rfe1 Nb4 16. Nf3 Nd3 17. Rad1 Nxe1 18. Rxe1 b5 19. Re2 d3 20. Nc3 Qc6 21. Re4 Rd8 22. Nd4 Qa6 23. Nxe6 Kc8 24. Nxd8 Kxd8 25. Rd4+ Kc8 26. Qe8+ Kc7 27. Qd8+ Kc6 1-0

[Event "Montreal op"]
[Site "Montreal CAN"]
[Date "2000.??.??"]
[Round "5"]
[White "Moskvitch, Andrei"]
[Black "Hua, Lefong"]
[Result "1/2-1/2"]
[WhiteElo "2175"]
[BlackElo "2325"]
[PlyCount "86"]
[GameId "2160767911652686"]
[EventDate "2000.09.01"]
[EventType "swiss"]
[EventRounds "5"]
[EventCountry "CAN"]
[SourceTitle "EXT 2003"]
[Source "ChessBase"]
[SourceDate "2002.11.25"]
[SourceVersion "1"]
[SourceVersionDate "2002.11.25"]
[SourceQuality "1"]

1. e4 c5 2. Nf3 e6 3. d4 cxd4 4. Nxd4 a6 5. Be2 Nf6 6. Nc3 Qc7 7. O-O Bc5 8. Be3 O-O 9. Qd3 d6 10. Nb3 Bxe3 11. Qxe3 b5 12. a3 Bb7 13. Rad1 Nc6 14. f4 Rad8 15. Bf3 Rfe8 16. Rd2 Nd7 17. Nc1 Nb6 18. b3 Rc8 19. Rfd1 Red8 20. N1e2 Ne7 21. f5 exf5 22. e5 d5 23. e6 f6 24. Kh1 Qc5 25. Rd4 a5 26. b4 axb4 27. axb4 Nc4 28. Qg1 Qb6 29. Rb1 Qd6 30. Rb3 Bc6 31. Rb1 Qxe6 32. Nf4 Qf7 33. Rbd1 Nb6 34. Qe1 Ba8 35. Qd2 Nc4 36. Qe1 Nb2 37. Rb1 Nc4 38. Rbd1 Ne5 39. Nfxd5 Nxd5 40. Bxd5 Bxd5 41. Nxb5 Re8 42. Qf2 Qh5 43. h3 Kh8 1/2-1/2

[Event "Montreal op"]
[Site "Montreal CAN"]
[Date "2000.??.??"]
[Round "5"]
[White "Paradis, Sylvain"]
[Black "Ouellet-Leveille, Clement"]
[Result "0-1"]
[WhiteElo "1973"]
[BlackElo "1845"]
[PlyCount "80"]
[GameId "2160767911652687"]
[EventDate "2000.09.01"]
[EventType "swiss"]
[EventRounds "5"]
[EventCountry "CAN"]
[SourceTitle "EXT 2003"]
[Source "ChessBase"]
[SourceDate "2002.11.25"]
[SourceVersion "1"]
[SourceVersionDate "2002.11.25"]
[SourceQuality "1"]

1. Nf3 Nf6 2. c4 e6 3. d4 Bb4+ 4. Bd2 Bxd2+ 5. Nbxd2 c5 6. e3 O-O 7. Be2 b6 8. O-O Bb7 9. dxc5 bxc5 10. Qb3 Qc7 11. Qc2 d6 12. a3 Nc6 13. Bd3 Ne7 14. Ng5 h6 15. Nh7 Nxh7 16. Bxh7+ Kh8 17. Bd3 f5 18. Be2 Rf6 19. Bf3 Rg6 20. Qd3 Nc6 21. Qc2 Rf8 22. g3 Ne5 23. Bxb7 Qxb7 24. f4 Ng4 25. Qc3 h5 26. Nf3 Qe4 27. Rae1 Qc6 28. Re2 Nf6 29. Ng5 Ne4 30. Nxe4 Qxe4 31. Qc2 Qc6 32. Rg2 Rb8 33. Qe2 Rh6 34. h4 Rb3 35. Qc2 Rxe3 36. Rd1 Rg6 37. Kh2 Qf3 38. Rxd6 Rxg3 39. Qd2 Rxg2+ 40. Qxg2 Re2 0-1

[Event "Montreal op"]
[Site "Montreal CAN"]
[Date "2000.??.??"]
[Round "5"]
[White "Prahov, Valentin"]
[Black "Pnevmonidis, Pantelis"]
[Result "1-0"]
[WhiteElo "2208"]
[BlackElo "2144"]
[PlyCount "45"]
[GameId "2160767911652688"]
[EventDate "2000.09.01"]
[EventType "swiss"]
[EventRounds "5"]
[EventCountry "CAN"]
[SourceTitle "EXT 2003"]
[Source "ChessBase"]
[SourceDate "2002.11.25"]
[SourceVersion "1"]
[SourceVersionDate "2002.11.25"]
[SourceQuality "1"]

1. e4 c5 2. Nf3 d6 3. d4 cxd4 4. Nxd4 Nf6 5. Nc3 a6 6. Be2 e6 7. O-O Be7 8. Be3 O-O 9. f4 Nc6 10. Bf3 Qc7 11. Kh1 Re8 12. Qe1 Bd7 13. Rd1 Rac8 14. Qg3 Bf8 15. e5 dxe5 16. Nxc6 Bxc6 17. fxe5 Nd5 18. Bd4 Nxc3 19. Bxc3 Rcd8 20. Bxc6 Qxc6 21. Qf2 Qc7 22. Rxd8 Rxd8 23. Ba5 1-0